| 000 | 00606nam a2200181 a 4500 | ||
|---|---|---|---|
| 005 | 20140311163005.0 | ||
| 008 | 040304s19uu xx 00 eng d | ||
| 020 | _a0742525201 | ||
| 050 |
_aBF 176 _b.F57 2003 |
||
| 100 | _aFishman, Joshua A. | ||
| 245 |
_aIntroduction to test construction in the social behavioral sciences : _ba practical guide / _cJoshua A. Fishman and Tomas Galguera. |
||
| 260 |
_aLanham : _bRowman & littlefield, _c2003. |
||
| 300 |
_axiii, 166 p. : _c22 cm. |
||
| 521 | _aPSYCH | ||
| 650 |
_aPsychological tests _xdesign & construction |
||
| 942 |
_cBK _2lcc _kFOR |
||
| 999 |
_c39290 _d39290 |
||